Flags With Only Two Colors! - Statistics

General Stats
  • This quiz has been taken 11 times
  • The average score is 20 of 32
Answer Stats
Colors Answer % Correct
Red and White Poland
100%
Red and White Denmark
89%
Blue and White Finland
89%
Red and White Monaco
89%
Blue and Yellow Sweden
89%
Red and White Switzerland
89%
Blue and Yellow Ukraine
89%
Red and White Canada
78%
Blue and White Greece
78%
Red and White Indonesia
78%
Blue and White Israel
78%
Red and White Japan
78%
Blue and Yellow Palau
78%
Green and White Saudi Arabia
78%
Red and White Singapore
78%
Red and White Austria
67%
Green and Red Bangladesh
67%
Red and Yellow China
67%
Blue and Yellow Kazakhstan
56%
Red and White Latvia
56%
Green and Red Morocco
56%
Green and White Nigeria
56%
Green and White Pakistan
56%
Red and White Bahrain
44%
Red and White Qatar
44%
Blue and White Somalia
44%
Blue and White Honduras
33%
Red and White Turkey
33%
Red and White Georgia
22%
Blue and White Micronesia
22%
Red and White Tonga
22%
Red and White Tunisia
22%
No matching quizzes found
Score Distribution
Percent of People with Each Score
Percentile by Number Answered
Your Score History
You have not taken this quiz